000
00299nam a22001337a 4500
008
210226b ||||| |||| 00| 0 eng d
020
_a
9781323294529
041
_a
eng
080
_2
6th
_a
579
100
_a
11
101
_a
MIK
245
_a
Microbiology And Immunology
_c
Myers,J
942
_2
udc
_c
BK
999
_c
55280
_d
55280